000 01176nam a22002657a 4500
005 20170124102938.0
010 _aA-592283
020 _c15.00
_a8172013213
035 _aA-592283
037 _bCen Lib/Ret
040 _aDPL
_bHN
082 _a850.8
_bसंतसिं
100 _aसंत सिंह सेखों
_943371
245 _aनानक सिंह /
_cसंत सिंह सेखों ; अनुवादक रत्न सिंह जग्गी
246 _aNanak Singh /
_bby Sant Singh Sekhon ; translated by Ratn Singh Jaggi
260 _aनई दिल्ली
_bसाहित्य अकादमी
_c1992
270 _a35, फीरोजशाह मार्ग
_bनई दिल्ली
_e110001
300 _a111पृ.
_c21सेमी (सजिल्द)
650 _aहिन्दी -- साहित्य
_947254
650 _aहिन्दी -- कहानियां
_947255
650 _aHindi - literature
_947256
650 _aHindi - stories
_947257
700 _aजग्गी, रत्न सिंह
_947258
942 _2ddc
_cHN
_h850.8
_mसंतसिं
999 _c112398
_d112398